| 000 | 00665nam a2200241Ia 4500 | ||
|---|---|---|---|
| 003 | OSt | ||
| 005 | 20220918212156.0 | ||
| 006 | a|||||r|||| 00| 0 | ||
| 007 | ta | ||
| 008 | 220917b |||||||| |||| 00| 0 eng d | ||
| 024 | _a127,632 | ||
| 037 | _cTextual | ||
| 040 |
_aARTS _cARTS _beng |
||
| 041 |
_2eng _aeng |
||
| 082 | _aX.5.980j58.N9, N1 | ||
| 100 |
_aMerritt Giles _9122827 |
||
| 245 | 0 |
_aEastern Europe and the USSR _b The challenge of freedom |
|
| 260 |
_aLondon _bKogan Page _c1991 |
||
| 300 |
_a253p. plates _ccm. |
||
| 650 | _aECONOMICS | ||
| 942 |
_hX.5.980j58.N9, N1 _cTEXL _2CC |
||
| 999 |
_c250774 _d250774 |
||